| 000 | 00920nam a22002897a 4500 | ||
|---|---|---|---|
| 001 | 200461052 | ||
| 003 | TR-AnTOB | ||
| 005 | 20240613083731.0 | ||
| 008 | 240613b tu ||||| |||| 00| 0 tur d | ||
| 020 | _a9789752127364 | ||
| 040 |
_aTR-AnTOB _beng _erda _cTR-AnTOB |
||
| 041 |
_atur _beng |
||
| 092 |
_a823.914 _bROB 2023 |
||
| 100 | 1 |
_aRobinson, Michelle _eAuthor. _9144343 |
|
| 245 |
_aZürafa saklama rehberi / _cMichelle Robinson & Claire Powell ; çeviri: Melike Hendek. |
||
| 250 | _a3.bs. | ||
| 260 |
_aİstanbul : _bAltın Kitaplar Yayınevi, _c2023. |
||
| 300 |
_a32 Pages. : _bill. ; _c26 cm. |
||
| 336 |
_atext _btxt _2rdacontent |
||
| 337 |
_aunmediated _bn _2rdamedia |
||
| 338 |
_avolume _bnc _2rdacarrier |
||
| 500 | _aÖzgün eseradı: Have you seen my giraffe? | ||
| 700 | 1 |
_aHendek, Melike _etranslator. _9140589 |
|
| 942 |
_2ddc _cBK |
||
| 999 |
_c200461052 _d79264 |
||